| 000 | 00338nam a22001217a 4500 | ||
|---|---|---|---|
| 008 | 230605b xxu||||| |||| 00| 0 eng d | ||
| 082 |
_a333.323096762 _bKNC |
||
| 100 | _cKenya Land Alliance | ||
| 245 |
_aUnjust Enrichment _bThe making of land grabbing millionaires |
||
| 260 | _bKenya Land Alliance | ||
| 300 | _a26 pages | ||
| 942 |
_2ddc _cBK |
||
| 999 |
_c406 _d406 |
||